| 000 | 00546nam a2200193Ia 4500 | ||
|---|---|---|---|
| 003 | GCL | ||
| 008 | 140319s9999 xx 000 0 aFre d | ||
| 040 |
_aGCL / _cGCL |
||
| 082 | 0 | 4 |
_aCC _b726.8 _bA S |
| 100 | 1 | _aABDEL TAWAB, ABDEL RAHMAN | |
| 245 | 1 | 0 |
_aSTELES ISLAMQUES DE LA NECROPOLE D'ASSOUAN / _cABDEL TAWAB, ABDEL RAHMAN |
| 700 | 1 | _aORY, SOLANGE | |
| 260 |
_aالقاهرة : _bIFAO ، _c1977 |
||
| 300 |
_a659 P ؛ _cMULTI |
||
| 650 | 0 | 4 | _aEGYPT - TOMBS |
| 650 | 0 | 4 | _aISLAMIC ART - EGYPT |
| 650 | 0 | 4 | _aROCK - TOMBS |
| 942 |
_2ddc _cBK |
||
| 999 |
_c17003 _d17003 |
||